000 00368nam a2200157Ia 4500
008 230917s9999||||xx |||||||||||||| ||und||
040 _e75331
_aMAIN
041 _aEnglish
082 _a658.8 B389M
100 _aBeckman, Theodore N
245 0 _aMarketing
250 _a9th ed.
260 _aNew York
_bRonald Press
_c1973
300 _axii, 642 p.
942 _cBK
999 _c200192
_d200192